00820 2200301 4500001002100000005001700021008004100038020002200079035002400101040001200125041000800137082001700145084001700162090001900179100001600198245008500214250001100299260003000310300003100340440002300371650002300394700001900417700001600436850001200452990001800464990001800482990001800500INLIS00000000003153420171012105738.0  a978-602-420-236-1 0010-101700000000212 aYOPDYOG0 aind042[23]a028.55 a028.55 Iwo B aK 028.55 Iwo B0 aIWOK ABQARY1 aBilal sang muazinc/ Iwok Abqary; editor, Dadan Ramadhan; ilustrator, M. Isnaeni aCet. 1 aBandungbDar! Mizanc2016 a20 hlm.b: ilus.c; 18 cm. aSeri sahabat Rasul 4aBacaan kanak-kanak0 aDadan Ramadhan1 aIsnaeni, M. aYOPDYOG a28843-PD/B.17 a28844-PD/B.17 a28845-PD/B.17